| 000 | 01705nam a2200289Ia 4500 | ||
|---|---|---|---|
| 999 |
_c43846 _d43846 |
||
| 001 | 10594 | ||
| 003 | GE_BSU | ||
| 005 | 20251118202849.0 | ||
| 008 | 181216s2013||||ge |||||||||||||| ||geo|| | ||
| 020 | _a978991449055 | ||
| 040 | _cGE_BSU | ||
| 041 | _ageo | ||
| 080 | _a338.48+796.5 ტ–92 | ||
| 245 |
_aტურიზმის შესავალი : _bსარეკრეაციო მოთხოვნილებები, ძველი დროის მოგზაურობები, ტურიზმის სახეობები, ორგანიზება,ინდუსტრია,უსაფრთხოება / _c დ. მაისურაძე, თ. ხუციშვილი, გ. ხომერიკი, ი. ვერბეცკი; [რედ. ნ. პავლიაშვილი]. |
||
| 250 | _aმე–3 გამოცემა | ||
| 264 |
_aთბილისი : _bტრიფონი, _c2013. |
||
| 300 |
_a205 გვ; _b20 სმ. |
||
| 300 | _cდანართი გვ.192–205. | ||
| 300 | _eბიბლიოგრ. გვ:186–188.სურ;ცხრ. საძიებელი გვ:188–194. | ||
| 500 | _aცნებებისა და ტერმინების ანბანი. | ||
| 700 |
_aმაისურაძე, დ. _eავტორი _926233 |
||
| 700 |
_aხუციშვილი, თ. _eავტორი _913601 |
||
| 700 |
_aხომერიკი, გ., _eავტორი _916563 |
||
| 700 |
_aვერბეცკი, ი. _eავტორი _926267 |
||
| 700 |
_aპავლიაშვილი, ნ., _eრედაქტორი _926268 |
||
| 942 |
_cBK _2udc |
||